ბათუმის შოთა რუსთაველის სახელმწიფო უნივერსიტეტის ბიბლიოთეკა

Металлические каркасы гражданских зданий. (ბიბ.ჩანაწერი № 41417)

000 -LEADER
fixed length control field 00583nam a2200193Ia 4500
001 - CONTROL NUMBER
control field 8079
003 - CONTROL NUMBER IDENTIFIER
control field GE_BSU
008 - FIXED-LENGTH DATA ELEMENTS--GENERAL INFORMATION
fixed length control field 181216s||||||||xx |||||||||||||| ||und||
040 ## - CATALOGING SOURCE
Transcribing agency GE_BSU
080 ## - UNIVERSAL DECIMAL CLASSIFICATION NUMBER
Universal Decimal Classification number 624.014
100 ## - MAIN ENTRY--PERSONAL NAME
Personal name Коляков,М.И. Медведев,М.И.
245 ## - TITLE STATEMENT
Title Металлические каркасы гражданских зданий.
260 ## - PUBLICATION, DISTRIBUTION, ETC.
Place of publication, distribution, etc. Киев.
260 ## - PUBLICATION, DISTRIBUTION, ETC.
Name of publisher, distributor, etc. Будiвельник.
260 ## - PUBLICATION, DISTRIBUTION, ETC.
Date of publication, distribution, etc. 1976.
300 ## - PHYSICAL DESCRIPTION
Extent 132стр.19см.
653 ## - INDEX TERM--UNCONTROLLED
Uncontrolled term Металлические каркасы гражданских зданий.
942 ## - ADDED ENTRY ELEMENTS (KOHA)
Koha item type წიგნი
ეგზემპლარები
Withdrawn status Lost status Damaged status Not for loan Date acquired Barcode Date last seen Price effective from Koha item type
        2018-12-17 10023 2018-12-17 2018-12-17 წიგნი